FMEA metóda pre zlepšenie kvality produktov firmy : Bakalárska práca

Uložené v:
Podrobná bibliografia
Hlavný autor: Breznická, Ľubomíra (Autor)
Ďalší autori: Homoky, Rastislav (xxx)
Médium: Rukopis Kniha
Jazyk:Slovak
Vydavateľské údaje: Trnava : STU v Bratislave MtF KPIM, 2005
Predmet:
Tagy: Pridať tag
Žiadne tagy, Buďte prvý, kto otaguje tento záznam!

MARC

LEADER 00000ntm a22000003a 4500
001 stu95971
005 20160719155337.6
008 051006s2005----xo------------------slo-d
040 |a STU  |b slo 
041 0 |a slo 
044 |a xo 
100 1 |a Breznická, Ľubomíra  |4 aut 
245 1 |a FMEA metóda pre zlepšenie kvality produktov firmy :  |b Bakalárska práca 
260 |a Trnava :  |b STU v Bratislave MtF KPIM,  |c 2005 
300 |a 62 s  |c príl., 1 CD 
650 7 |a priemyselné inžinierstvo a manažment  |2 stusub 
650 7 |a kvalita  |2 stusub 
700 1 |a Homoky, Rastislav  |4 xxx 
996 |b 284M062960  |c M*BP-1282  |l MMSKP  |s P  |a 0  |w stu95971_0001